Johann Carl Loths Gemälde in Warschau
| Titel: | Johann Carl Loths Gemälde in Warschau / Antoni Ziemba |
|---|---|
| Verfasser: | |
| In: |
Muzeum Narodowe w Warszawie: Bulletin du Musée National de Varsovie, alle Artikel anzeigen |
| Veröffentlicht: | 1995 |
| Umfang: | Ill. |
| Format: | Aufsatz |
| Sprache: | Deutsch | Vorliegende Ausgabe: | Online-Ausg. Heidelberg: Univ.-Bibl., 2015. - Online-Ressource. |
X
alg: 47176517 001A $06055:06-11-20 001B $03025:12-07-24 $t11:04:48.000 001D $06055:06-11-20 001U $0utf8 001X $00 002@ $0Oox 002C $aText $btxt $2rdacontent 002D $aComputermedien $bc $2rdamedia 002E $aOnline-Ressource $bcr $2rdacarrier 003@ $0471765171 004U $0urn:nbn:de:bsz:16-diglit-189442 $SV98 007A $0471765171 $aHEB 007I $0HHB-39468687X 007I $0HHB-1464686874 009Q $SV98 $uhttp://digi.ub.uni-heidelberg.de/diglit/bmusvars1995/0009 $xH 010@ $ager 011@ $a1995 011B $a2015 021A $aJohann Carl Loths Gemälde in Warschau $hAntoni Ziemba 028A $7140512799 $8Ziemba, Antoni$Z1960- [Tp1] $9220658552 033N $pHeidelberg $nUniv.-Bibl. 033Q $aOnline-Ressource 034M $aIll. 037A $aEnthalten in: 36(1995), 1-2, Seite 7-32 037G $aOnline-Ausg. 039B $aIn $8--Obvc--Muzeum Narodowe w Warszawie [Tb1]. Bulletin du Musée National de Varsovie. - Varsovie : Musée, 1960-2009. - Online-Ressource. - ISSN 0027-3791. - DOI 10.11588/diglit.17134. - urn:nbn:de:bsz:16-diglit-171349 $9320356507 044K $#MW $#The @National Museum in Warsaw $#Musée National Warschau $#National-Museum Warschau $#National Museum Warschau $#Museo Warschau $#Nationaal Museum Warschau $#Museo Nazionale Warschau $#Museo Nacional Varsovia $#Museo Nacional Warschau $#Nacionalʹnyj Muzej $#MNW $#Nationalmuseum Warschau $#Varšuvos Nacionalinis Muziejus $#Musée National de Varsovie $#Musée National Warszawa $#Państwowe Muzeum Narodowe w Warszawie $#Museo nazionale di Varsavia $#NMW National Museum, Warszawa $#National Museum of Warsaw $#National Museum Warszawa $#Nationalmuseum Warszawa $#Muzeum Narodowe Warszawa $#National Museum in Warsaw $#National-Museum Warszawa $71008386-8 $8Muzeum Narodowe w Warszawie [Tb1] $9041912837 044K $#Loth, Johann Karl $#Lott, Giovanni Carlo $#Carlotto $#Carlotto, Giovanni $#Loth, Karl $#Loth, Carlotto $#Lotty, Carle $7118729152 $8Loth, Johann Carl$Z1632-1698 [Tp1] $908706992X 044K $RGemälde $RMalen $RKunstgattung $#Painting $#Peinture $#Pittura $#Pintura $#Paintings $#Holztafelmalerei $#Tafelbild Malerei $#Tafelmalerei $74037220-0 $8Malerei [Tsz] $9085101273 045E $c700 045G $a709.438 $eDDC23BSB 045G/01 $a709 045G/03 $g438 045T $a9,10 lok: 47176517 3 exp: 47176517 3 1 #EPN 201B/01 $009-11-20 $t22:55:57.192 201C/01 $009-11-20 201U/01 $0utf8 203@/01 $01129111342 204U/01 $0urn:nbn:de:bsz:16-diglit-189442 $SV98 208@/01 $a09-11-20 $bl lok: 47176517 78 exp: 47176517 78 1 #EPN 201B/01 $012-07-24 $t11:04:24.000 201C/01 $012-07-24 201U/01 $0utf8 203@/01 $01266714472 208@/01 $a12-07-24 $be 209A/01 $a/ $f000 $x00 209A/01 $ab*p $x01 220C/01 $aeja 247C/01 $82080>Marburg/Lahn, Herder-Institut, Forschungsbibliothek, Bibliographieportal $9336309341
| LEADER | 00000caa a22000002c 4500 | ||
|---|---|---|---|
| 001 | 471765171 | ||
| 003 | DE-603 | ||
| 005 | 20240712110448.0 | ||
| 007 | cr|||||||||||| | ||
| 008 | 201106s1995 xx |||| o| u00||u|ger c | ||
| 024 | 7 | |a urn:nbn:de:bsz:16-diglit-189442 |2 urn | |
| 035 | |a (DE-599)HEB471765171 | ||
| 040 | |a DE-603 |b ger |c DE-603 |d DE-603 | ||
| 041 | |a ger | ||
| 083 | 0 | |8 1\u |a 709.438 |q DE-101 |2 23/BSB | |
| 084 | |a 700 |q DE-101 |2 sdnb | ||
| 084 | |a 9,10 |2 ssgn | ||
| 085 | |8 1\u |b 709 | ||
| 085 | |8 1\u |z 2 |s 438 | ||
| 100 | 1 | |a Ziemba, Antoni |d 1960- |0 (DE-603)220658552 |0 (DE-588)140512799 |2 gnd | |
| 245 | 0 | 0 | |a Johann Carl Loths Gemälde in Warschau |c Antoni Ziemba |
| 264 | 0 | |c 1995 | |
| 300 | |b Ill. | ||
| 336 | |a Text |b txt |2 rdacontent | ||
| 337 | |a Computermedien |b c |2 rdamedia | ||
| 338 | |a Online-Ressource |b cr |2 rdacarrier | ||
| 500 | |a Enthalten in: 36(1995), 1-2, Seite 7-32 | ||
| 530 | |a Online-Ausg. | ||
| 533 | |b Heidelberg |c Univ.-Bibl. |d 2015 |e Online-Ressource |7 s2015uuuuxx u| | ||
| 600 | 1 | 7 | |a Loth, Johann Carl |d 1632-1698 |0 (DE-588)118729152 |0 (DE-603)08706992X |2 gnd |
| 610 | 1 | 7 | |a Muzeum Narodowe w Warszawie |2 gnd |0 (DE-588)1008386-8 |0 (DE-603)041912837 |
| 650 | 7 | |a Malerei |0 (DE-588)4037220-0 |0 (DE-603)085101273 |2 gnd | |
| 773 | 0 | 8 | |i In |a Muzeum Narodowe w Warszawie |t Bulletin du Musée National de Varsovie |d Varsovie : Musée, 1960-2009 |h Online-Ressource |o 10.11588/diglit.17134 |o urn:nbn:de:bsz:16-diglit-171349 |x 0027-3791 |w (DE-603)320356507 |w (DE-600)2710807-7 |
| 856 | |u http://digi.ub.uni-heidelberg.de/diglit/bmusvars1995/0009 |x Verlag | ||
| 924 | 1 | |9 603 |a (DE-603)1129111342 |b DE-603 |c HES |d d | |
| 924 | 1 | |9 2080 |a (DE-603)1266714472 |b DE-2080 |c HES |d d |g / | |


